000 00396nam a22001457a 4500
005 20140310183632.0
008 131119b xxu||||| |||| 00| 0 eng d
050 _aPE 1591
_b.T971 1993
245 _a21st century synonym and antonym finder /
260 _aUSA :
_bDell Publishing,
_c1993.
300 _a519 p. :
_c19 cm.
650 _aSynonyms and Antonyms
942 _2lcc
_cBK
999 _c25620
_d25620